| 000 | 00779nam a2200229 a 4500 | ||
|---|---|---|---|
| 001 | 000021918 | ||
| 005 | 20200930011513.0 | ||
| 008 | 100914n1900uuuuec 000 f spa d | ||
| 040 |
_aDO-SdBNP _bspa _cBNPHU |
||
| 082 |
_aE863.44 _bC318e |
||
| 100 | 1 |
_aCarrión Aguirre, Alejandro, _d1915-1992 _945486 |
|
| 245 | 1 | 3 |
_aLa espina / _cAlejandro Carrión Aguirre ; introducción Hernan Rodríguez Castelo. |
| 260 |
_aQuito,(Ecuador) : _bPublicaciones Educativas Ariel, _c1900?. |
||
| 300 |
_a215 p. ; _c17 cm. |
||
| 490 | 1 |
_aClásicos Ariel _v82 |
|
| 650 | 4 |
_aNovela ecuatoriana _95017 |
|
| 650 | 4 |
_aLiteratura ecuatoriana _93938 |
|
| 650 | 4 |
_aFamilia _xNovela _931541 |
|
| 700 | 1 |
_aRodríguez Castelo, Hernan, _eintr. _945487 |
|
| 830 | 0 |
_aClásicos Ariel _v82 _93125 |
|
| 049 | _aBNGR | ||
| 999 |
_c21416 _d21416 |
||